Cultura y desarrollo desde América Latina /
Na minha lista:
| Autores principales: | , , |
|---|---|
| Formato: | Desconhecido |
| Idioma: | Spanish |
| Publicado em: |
San José, Costa Rica :
Editorial de la Universidad de Costa Rica,
1993.
|
| Assuntos: | |
| Tags: |
Adicionar Tag
Sem tags, seja o primeiro a adicionar uma tag!
|
MARC
| LEADER | 000000000a22000000004500 | ||
|---|---|---|---|
| 001 | 001695 | ||
| 020 | |a 9977672172 | ||
| 041 | 0 | |a spa | |
| 082 | 0 | 4 | |a 980 |b C172c Colección Identidad Cultural |
| 100 | 1 | |a Camacho Naranjo, Luis | |
| 100 | 1 | |a Ramírez, Edgar Roy | |
| 100 | 1 | |a Araya Rivas, Luis Fernando, |d 1957- | |
| 245 | 1 | 0 | |a Cultura y desarrollo desde América Latina / |c Luis Camacho Naranjo, Edgar Roy Ramírez, Luis Fernando Araya Rivas. |
| 260 | 1 | |a San José, Costa Rica : |b Editorial de la Universidad de Costa Rica, |c 1993. | |
| 300 | |a xi, 116 páginas | ||
| 500 | |a Otro ejemplar con número de inscripción 14778, 14787 | ||
| 505 | |a La pseudocultura del pseudodesarrollo / Luis Camacho -- Los peligros de la cultura / Luis CamachoLos peligros del desarrollo / Luis Camacho -- Una perspectiva del desarrollo: la necesidad de un código internacional de étic de la tecnología y la tecnología que necesitamos / Edgar Roy Ramírez -- Hacia la reconstitución del paradigma sociocultural latinoamericano / Fernando Araya | ||
| 650 | 4 | |a AMERICA LATINA | |
| 650 | 4 | |a CIVILIZACION | |
| 999 | |c 8384 |d 8384 | ||
| 942 | |c BK |h 980 C172c Colección Identidad Cultural |2 z | ||



